000 00583nam a22001937a 4500
005 20260522121252.0
010 _aENG-148616
020 _a9788119670611
_c495.00
035 _aEN-132148
037 _bDBAD
082 _a370
100 _aJ S Rajput
_989195
245 _aEducation For a New World Order/
_cJ S Rajput
260 _aNew Delhi
_bVitasta Publishing Pvt Ltd
_c2024
270 _a2/15, Ansari Road daryaganj,
_bNew Delhi
_e110002
_minfo@vitastapublishing.com
300 _a178p.
_c22cm(pb)
650 _aNoval
_989196
942 _2ddc
_cEN
_h370
_mJSR
999 _c216348
_d216348